| 000 | 00000nam##2200000za#4500 |
| 001 | 9.615382 |
| 003 | CaOODSP |
| 005 | 20210615101114 |
| 007 | ta |
| 008 | 150406|2000||||xxc||||| f|0| 0 eng|d |
| 022 | |a0706-6457 |
| 040 | |aCaOODSP|beng |
| 043 | |an-cn--- |
| 086 | 1 |aFs97-6/2323E |
| 110 | 1 |aCanada. |bDepartment of Fisheries and Oceans. |
| 245 | 10|aImpact of low-head hydropower generation at Morgans Falls, LaHave River on migrating Atlantic salmon (Salmo salar) / |cby Peter G. Amiro and Hans Jansen. |
| 260 | |aOttawa - Ontario : |bFisheries and Oceans Canada |c2000. |
| 300 | |avi, 25p. : |bfigs., maps, references, tables ; |c28 cm. |
| 490 | 1 |aCanadian technical report of fisheries and aquatic sciences|x0706-6457|v2323 |
| 500 | |a"Interest in low-head (less than 15 m) mini (less than 2.0 kw) hydro-electrical power generation, operating without storage, has increased with the design of small efficient hydro-powered generators and the availability of development agreements among government, manufacturers and utilities. Part of the impetus for these agreements is to foster the development of hydro power which is perceived to have less impact on migratory fish production than traditional high-head hydro power."--Introduction. Prepared at the Diadromous Fish Division, Maritimes Science Branch, Department of Fisheries and Oceans, Dartmouth, Nova Scotia B2Y 4A2. |
| 520 | 3 |aInterest in low-head (less than 15 m) mini (less than 2.0 kw) hydro-electrical power generation, operating without storage, has increased with the design of small efficient hydro-powered generators and the availability of development agreements among government, manufacturers and utilities. Part of the impetus for these agreements is to foster the development of hydro power which is perceived to have less impact on migratory fish production than traditional high-head hydro power.--Introduction |
| 546 | |aRésumé en français |
| 563 | |aSoftcover |
| 590 | |a00-44|b2000-11-03 |
| 690 | 07|aElectric power stations|2gcpds |
| 690 | 07|aSalt water fish|2gcpds |
| 690 | 07|aEnvironmental impact assessment|2gcpds |
| 720 | 1 |aAmiro, Peter G. |
| 720 | 1 |aJansen, Hans |
| 830 | #0|aCanadian technical report of fisheries and aquatic sciences,|x0706-6457|v2323|w(CaOODSP)9.514691 |